[Event "31st 4NCL Congress"]
[Site "Harrogate, North Yorkshire, ENG Yorkshire HG1 2SR."]
[Date "2024.01.20"]
[Round "3.13"]
[White "Fisher, Neal"]
[Black "Blower, Trevor R"]
[Result "0-1"]
[WhiteElo "1697"]
[BlackElo "1589"]
[PlyCount "76"]
[EventDate "2024.01.19"]

1. e4 g6 2. Nf3 d6 3. Bc4 c6 4. d4 Bg7 5. c3 Nf6 6. e5 Ne4 7. O-O O-O 8. exd6
Nxd6 9. Bb3 e6 10. Bf4 Nf5 11. Nbd2 Nd7 12. g4 Nh4 13. Bg5 Nxf3+ 14. Nxf3 Qc7
15. Qd2 Nf6 16. h3 Ne4 17. Qf4 Qxf4 18. Bxf4 Nf6 19. Rfe1 Nd5 20. Bg3 f5 21.
gxf5 Rxf5 22. Ne5 Bxe5 23. Bxe5 Bd7 24. Bxd5 exd5 25. Re3 Raf8 26. Bg3 Rh5 27.
h4 Bf5 28. f3 g5 29. hxg5 Rxg5 30. Kg2 Rf6 31. Rh1 Rfg6 32. f4 Be4+ 33. Rxe4
Rxg3+ 34. Kf2 Rg2+ 35. Kf1 dxe4 36. Rh3 Rg1+ 37. Kf2 R6g2+ 38. Ke3 Re1# 0-1

[Event "31st 4NCL Congress"]
[Site "Harrogate, North Yorkshire, ENG Yorkshire HG1 2SR."]
[Date "2024.01.20"]
[Round "3.14"]
[White "Tate, John"]
[Black "Cuaresma, Bien"]
[Result "0-1"]
[WhiteElo "1506"]
[BlackElo "1679"]
[PlyCount "66"]
[EventDate "2024.01.19"]

1. e4 d6 2. d4 c6 3. Nf3 Nf6 4. Nc3 Qc7 5. h3 Nbd7 6. Bf4 e5 7. dxe5 Nxe5 8.
Be2 h6 9. O-O g5 10. Bh2 g4 11. Nxe5 dxe5 12. hxg4 Bd6 13. f3 Be6 14. Kh1 O-O-O
15. Bd3 Rdg8 16. Rf2 h5 17. g3 h4 18. Kg2 Bc5 19. Re2 Bxg4 20. fxg4 Nxg4 21.
Kf3 Nxh2+ 22. Rxh2 Rxg3+ 23. Ke2 Qd7 24. Ke1 h3 25. Bf1 Re3+ 26. Be2 Qg4 27.
Kd2 Rd8+ 28. Nd5 Qg5 29. Bg4+ Kb8 30. Re2 cxd5 31. Ke1 Qxg4 32. Rxe3 Qg1+ 33.
Ke2 Qxe3+ 0-1

[Event "31st 4NCL Congress"]
[Site "Harrogate, North Yorkshire, ENG Yorkshire HG1 2SR."]
[Date "2024.01.20"]
[Round "3.15"]
[White "Redmond, Nigel"]
[Black "Jackson, Malcolm"]
[Result "1/2-1/2"]
[WhiteElo "1679"]
[BlackElo "1474"]
[PlyCount "96"]
[EventDate "2024.01.19"]

1. d4 Nf6 2. e3 e6 3. Bd3 d5 4. Nd2 c5 5. c3 cxd4 6. exd4 a6 7. Ngf3 Nc6 8. O-O
Bd6 9. Re1 O-O 10. Nf1 h6 11. Ng3 Qc7 12. Bd2 Re8 13. Rc1 Bd7 14. a3 Rac8 15.
c4 dxc4 16. Bxc4 Qb8 17. b4 b5 18. Ba2 Qa7 19. Bc3 a5 20. bxa5 Bxa3 21. Ra1 b4
22. Bd2 Qxa5 23. Bb3 Qb6 24. Bc1 Bxc1 25. Rxc1 Na5 26. Rxc8 Rxc8 27. Ba2 b3 28.
Bb1 Nd5 29. Qd3 g6 30. Ne5 Bb5 31. Qd2 Kg7 32. Ne4 Nc4 33. Nxc4 Rxc4 34. Nc5
Ba4 35. Qe2 Bb5 36. Qe5+ Kg8 37. Nxb3 Rb4 38. Nc5 Be8 39. Bd3 Ne7 40. h4 Nc6
41. Qe3 Rxd4 42. Ne4 Qd8 43. Bb5 Rd1 44. g3 Rxe1+ 45. Qxe1 Ne7 46. Be2 Bc6 47.
Nd2 Qd5 48. f3 Qd4+ 1/2-1/2

[Event "31st 4NCL Congress"]
[Site "Harrogate, North Yorkshire, ENG Yorkshire HG1 2SR."]
[Date "2024.01.20"]
[Round "3.16"]
[White "Wainwright, Charlie"]
[Black "Pitel, Dominik"]
[Result "1-0"]
[WhiteElo "1667"]
[BlackElo "1518"]
[PlyCount "117"]
[EventDate "2024.01.19"]

1. d4 d5 2. c4 c6 3. cxd5 cxd5 4. Nc3 Nf6 5. f3 Nc6 6. e4 dxe4 7. d5 exf3 8.
dxc6 f2+ 9. Kxf2 Ng4+ 10. Ke1 Qxd1+ 11. Nxd1 bxc6 12. Nf2 e5 13. Nxg4 Bxg4 14.
Be2 Bb4+ 15. Bd2 Bxd2+ 16. Kxd2 O-O-O+ 17. Ke3 Be6 18. Nf3 Bg4 19. h3 Bxf3 20.
Bxf3 Kc7 21. Rac1 Rd6 22. Rc5 Re8 23. Rd1 e4 24. Be2 Rg6 25. g4 Rh6 26. Bf1 Rf6
27. Bg2 h6 28. Rd4 Rb8 29. b3 Rb6 30. Rxe4 Ra6 31. a4 Rb6 32. b4 a6 33. Rec4
Re6+ 34. Be4 f6 35. a5 Rb5 36. Rxc6+ Rxc6 37. Rxc6+ Kd8 38. Rb6 Re5 39. Rxa6 g6
40. Rxf6 Rb5 41. Rb6 Rxb6 42. axb6 Kd7 43. b7 Kc7 44. Bxg6 Kxb7 45. h4 Kc7 46.
g5 hxg5 47. hxg5 Kd6 48. Bf7 Ke7 49. b5 Kxf7 50. b6 Kg6 51. Kf4 Kg7 52. b7 Kg6
53. b8=Q Kg7 54. Qe5+ Kf7 55. Qf6+ Kg8 56. Qe7 Kh8 57. Kf5 Kg8 58. Kg6 Kh8 59.
Qf8# 1-0

[Event "31st 4NCL Congress"]
[Site "Harrogate, North Yorkshire, ENG Yorkshire HG1 2SR."]
[Date "2024.01.20"]
[Round "3.17"]
[White "Zigmond, Andrew"]
[Black "Tunnacliffe, Alan"]
[Result "1-0"]
[WhiteElo "1661"]
[BlackElo "1515"]
[PlyCount "39"]
[EventDate "2024.01.19"]

1. e4 c5 2. Nf3 d6 3. d4 cxd4 4. Nxd4 Nf6 5. Nc3 a6 6. Be2 e5 7. Nb3 Be7 8. Be3
Be6 9. Nd5 Nxd5 10. exd5 Bf5 11. Qd2 Qc7 12. O-O-O O-O 13. g4 Bg6 14. h4 f5 15.
h5 f4 16. hxg6 h6 17. Bc5 dxc5 18. Nxc5 f3 19. Ne6 fxe2 20. Qxe2 1-0

[Event "31st 4NCL Congress"]
[Site "Harrogate, North Yorkshire, ENG Yorkshire HG1 2SR."]
[Date "2024.01.20"]
[Round "3.18"]
[White "Gillett, John"]
[Black "Coleman, Patrick N"]
[Result "1-0"]
[WhiteElo "1654"]
[BlackElo "1459"]
[PlyCount "129"]
[EventDate "2024.01.19"]

1. d4 Nf6 2. c4 g6 3. Nc3 Bg7 4. e4 d6 5. Be2 O-O 6. Nf3 c6 7. Bg5 h6 8. Bd2
Bg4 9. O-O Bxf3 10. Bxf3 e5 11. dxe5 dxe5 12. Qc2 Qc7 13. Rad1 Nbd7 14. Qc1 Kh7
15. b4 Rfd8 16. a4 Nf8 17. g3 Ne6 18. Ne2 Rd3 19. Be3 Rdd8 20. Bg2 b6 21. f4
Rxd1 22. Rxd1 Rd8 23. f5 Rxd1+ 24. Qxd1 Nf8 25. c5 bxc5 26. Bxc5 N8d7 27. Be3
Ng4 28. Bc1 Qb6+ 29. Nd4 Qxd4+ 30. Qxd4 exd4 31. Bh3 h5 32. fxg6+ fxg6 33. Kg2
Nde5 34. Bb2 d3 35. Bxg4 Nxg4 36. Bxg7 Kxg7 37. Kf3 d2 38. Ke2 d1=Q+ 39. Kxd1
Nf2+ 40. Ke2 Nxe4 41. Kd3 Nd6 42. Kd4 Nf7 43. Kc5 Ne5 44. Kd6 Kf6 45. Kc7 Nd3
46. b5 cxb5 47. axb5 Ke5 48. Kb7 Nc5+ 49. Kxa7 Na4 50. Ka6 Kd4 51. Ka5 Nc5 52.
Kb6 Nd7+ 53. Kb7 Kc5 54. Kc7 Nb6 55. Kd8 Kxb5 56. Ke7 Nc4 57. Kf6 Ne3 58. h3
Kc6 59. Kxg6 h4 60. gxh4 Kd7 61. h5 Ke7 62. h6 Nd5 63. h7 Nf4+ 64. Kg7 Nh5+ 65.
Kh6 1-0

[Event "31st 4NCL Congress"]
[Site "Harrogate, North Yorkshire, ENG Yorkshire HG1 2SR."]
[Date "2024.01.20"]
[Round "3.19"]
[White "Shortt, John"]
[Black "Clare, Steve"]
[Result "0-1"]
[WhiteElo "1398"]
[BlackElo "1647"]
[PlyCount "70"]
[EventDate "2024.01.19"]

1. b4 f5 2. Bb2 Nf6 3. c4 e6 4. b5 Be7 5. e3 c5 6. Nf3 O-O 7. Be2 d5 8. O-O b6
9. d3 Nbd7 10. Nbd2 Qe8 11. a4 a5 12. Ng5 Bd6 13. Nh3 Bb7 14. Nf4 Bxf4 15. exf4
d4 16. Bf3 Bxf3 17. Nxf3 h6 18. Ne5 Nxe5 19. fxe5 Nh5 20. Qd2 g5 21. h4 Qg6 22.
hxg5 hxg5 23. Rae1 Kg7 24. Bc1 Nf4 25. g3 Rh8 26. f3 Qh5 27. Re2 Nxe2+ 28. Kf2
Qh2+ 29. Ke1 Qxg3+ 30. Kd1 Nc3+ 31. Kc2 Rh2 32. Kb3 Rxd2 33. f4 Qxd3 34. Bxd2
Qxd2 35. Rb1 Qa2# 0-1

[Event "31st 4NCL Congress"]
[Site "Harrogate, North Yorkshire, ENG Yorkshire HG1 2SR."]
[Date "2024.01.20"]
[Round "3.20"]
[White "Pringle, Andrew"]
[Black "Buckell, David J"]
[Result "1/2-1/2"]
[WhiteElo "1387"]
[BlackElo "1634"]
[PlyCount "49"]
[EventDate "2024.01.19"]

1. d4 d5 2. c4 e6 3. Nc3 Nf6 4. cxd5 exd5 5. Bg5 Nbd7 6. e3 Be7 7. Bd3 c6 8.
Nf3 Ne4 9. Bxe7 Qxe7 10. O-O O-O 11. Nd2 Ndf6 12. h3 Re8 13. Re1 Bf5 14. Ndxe4
Nxe4 15. Nxe4 Bxe4 16. Rc1 Qg5 17. f3 Bf5 18. Bxf5 Qxf5 19. Qb3 Qd7 20. Qd3
Rad8 21. a3 Re6 22. Qf5 Qe7 23. Kf2 Re8 24. Rc3 Rf6 25. Qg4 1/2-1/2

[Event "31st 4NCL Congress"]
[Site "Harrogate, North Yorkshire, ENG Yorkshire HG1 2SR."]
[Date "2024.01.20"]
[Round "3.21"]
[White "Mitchell, Ian"]
[Black "Johnson, Stanley"]
[Result "1-0"]
[WhiteElo "1614"]
[BlackElo "1408"]
[PlyCount "90"]
[EventDate "2024.01.19"]

1. d4 d5 2. Bf4 e6 3. Nf3 Nf6 4. h3 Be7 5. e3 O-O 6. c3 Nbd7 7. Bd3 c5 8. Qc2
c4 9. Be2 b5 10. a3 Bb7 11. Nbd2 a5 12. O-O Rc8 13. Ne5 Bd6 14. Nxf7 Rxf7 15.
Bxd6 Ne4 16. Bh2 Qh4 17. f4 Ng3 18. Bxg3 Qxg3 19. Rf3 Qh4 20. Raf1 Rcf8 21. Qb1
Nf6 22. Qe1 Qh6 23. Rg3 Nh5 24. Bxh5 Qxh5 25. Nf3 Qf5 26. Ne5 Re7 27. Qf2 Qh5
28. Qc2 Qf5 29. Qe2 b4 30. Rg5 Qe4 31. axb4 axb4 32. Rg4 Qf5 33. Rh4 bxc3 34.
bxc3 Ba6 35. g4 Qe4 36. Qf3 Qc2 37. Nc6 Rb7 38. Nb4 Rxb4 39. cxb4 c3 40. Qd1
Qe4 41. Re1 Qd3 42. Qc1 c2 43. Rh5 Rb8 44. Re5 Qg6 45. Qd2 Rc8 1-0

[Event "31st 4NCL Congress"]
[Site "Harrogate, North Yorkshire, ENG Yorkshire HG1 2SR."]
[Date "2024.01.20"]
[Round "3.22"]
[White "Craig, Ian"]
[Black "Edgar, Barry"]
[Result "1/2-1/2"]
[WhiteElo "1424"]
[BlackElo "1605"]
[PlyCount "51"]
[EventDate "2024.01.19"]

1. e4 c5 2. Nf3 d6 3. Nc3 Nf6 4. d4 cxd4 5. Nxd4 g6 6. Bb5+ Bd7 7. Bxd7+ Qxd7
8. Qe2 a6 9. Bd2 Bg7 10. Nf3 Nc6 11. a3 O-O 12. O-O Rac8 13. Rad1 Qc7 14. Rfe1
Rfe8 15. Qc4 Ne5 16. Qxc7 Nxf3+ 17. gxf3 Rxc7 18. Re2 b5 19. Bc1 Rc4 20. Nd5
Nd7 21. b3 Rcc8 22. Be3 Nf6 23. Nxf6+ Bxf6 24. Bd4 Bxd4 25. Rxd4 Rc3 26. Rd3
1/2-1/2

[Event "31st 4NCL Congress"]
[Site "Harrogate, North Yorkshire, ENG Yorkshire HG1 2SR."]
[Date "2024.01.20"]
[Round "3.23"]
[White "Saxena, Samidh"]
[Black "Smith, Adam"]
[Result "0-1"]
[WhiteElo "1096"]
[BlackElo "1594"]
[PlyCount "74"]
[EventDate "2024.01.19"]

1. e4 c6 2. d4 d5 3. e5 c5 4. c3 Nc6 5. Nf3 Bg4 6. Be2 e6 7. O-O Qb6 8. Qb3
Qxb3 9. axb3 Bxf3 10. gxf3 cxd4 11. Bb5 Bc5 12. Bxc6+ bxc6 13. Rd1 dxc3 14.
bxc3 Ne7 15. Ba3 Bxa3 16. Nxa3 Ng6 17. Re1 Nh4 18. Re3 O-O 19. c4 a6 20. cxd5
cxd5 21. Rd1 Rac8 22. Ra1 Rc6 23. b4 Rfc8 24. h3 h6 25. b5 axb5 26. Nxb5 Rc1+
27. Rxc1 Rxc1+ 28. Kh2 Rf1 29. Re2 Rb1 30. Kg3 Nf5+ 31. Kh2 Rxb5 32. Rc2 g5 33.
Rc8+ Kg7 34. Kg2 Ne7 35. Rc7 Ng6 36. Kg3 Nxe5 37. f4 Rb3+ 0-1

[Event "31st 4NCL Congress"]
[Site "Harrogate, North Yorkshire, ENG Yorkshire HG1 2SR."]
[Date "2024.01.20"]
[Round "3.24"]
[White "White, Nicholas E"]
[Black "Robinson, Steve"]
[Result "1-0"]
[WhiteElo "1591"]
[BlackElo "1394"]
[PlyCount "68"]
[EventDate "2024.01.19"]

1. d4 Nf6 2. Nf3 d6 3. Bf4 Nbd7 4. e3 Nh5 5. Bg3 Nxg3 6. hxg3 c5 7. c3 e6 8.
Bd3 g6 9. Nbd2 d5 10. O-O c4 11. Bc2 b5 12. e4 Bb7 13. e5 a5 14. Qe2 Be7 15.
Qe3 g5 16. Nh2 h5 17. g4 h4 18. f4 Ra6 19. f5 f6 20. fxe6 Nf8 21. exf6 Bxf6 22.
Bf5 Qe7 23. Rae1 Bc8 24. Qf3 Rd6 25. Nb1 b4 26. Bc2 Rxe6 27. Rxe6 Qxe6 28. Qxf6
Qxf6 29. Rxf6 Ke7 30. Rf2 Rh6 31. Bf5 Bb7 32. Nd2 bxc3 33. bxc3 Rb6 34. Ndf3
Rb1+ 1-0

[Event "31st 4NCL Congress"]
[Site "Harrogate, North Yorkshire, ENG Yorkshire HG1 2SR."]
[Date "2024.01.20"]
[Round "3.25"]
[White "Merry, John D"]
[Black "Scorer, David M"]
[Result "1/2-1/2"]
[WhiteElo "1583"]
[BlackElo "1431"]
[PlyCount "60"]
[EventDate "2024.01.19"]

1. e4 c6 2. d4 d5 3. e5 Bf5 4. Nc3 e6 5. Be2 Nd7 6. Nf3 Bb4 7. Bd2 Ne7 8. a3
Bxc3 9. Bxc3 Qc7 10. Bd3 Bxd3 11. Qxd3 Ng6 12. Bd2 c5 13. c3 O-O 14. O-O cxd4
15. cxd4 Rac8 16. Rac1 Qb6 17. b4 Rfe8 18. a4 a6 19. a5 Qa7 20. g3 Qb8 21. h4
Rxc1 22. Rxc1 Rc8 23. h5 Rxc1+ 24. Bxc1 Qc7 25. Be3 Ne7 26. Ng5 g6 27. Qe2 Nf5
28. hxg6 hxg6 29. Qf1 Nxe3 30. fxe3 Nf8 1/2-1/2

[Event "31st 4NCL Congress"]
[Site "Harrogate, North Yorkshire, ENG Yorkshire HG1 2SR."]
[Date "2024.01.20"]
[Round "3.26"]
[White "Dearden, Phil"]
[Black "Jones, Mark"]
[Result "1/2-1/2"]
[WhiteElo "1562"]
[BlackElo "1381"]
[PlyCount "96"]
[EventDate "2024.01.19"]

1. d4 e6 2. Nf3 b6 3. Bf4 Bb7 4. Nc3 Nf6 5. Nb5 d6 6. e3 a6 7. Na3 g6 8. Bg5
Bg7 9. h4 h6 10. Bxf6 Bxf6 11. Bd3 Nd7 12. Qe2 Qe7 13. O-O-O e5 14. dxe5 Nxe5
15. e4 Nxd3+ 16. cxd3 O-O-O 17. h5 g5 18. Rhe1 Rhe8 19. Nc4 d5 20. Nxb6+ cxb6
21. Qc2+ Kb8 22. Kb1 dxe4 23. Qb3 Ka7 24. d4 Bd5 25. Qa4 b5 26. Qa5 Qd6 27. Rc1
Rc8 28. Nd2 Rc6 29. Nb3 Bxb3 30. Rxc6 Bxa2+ 31. Qxa2 Qxc6 32. Qxf7+ Re7 33. Qg6
Kb7 34. Qxh6 Bxd4 35. Qxg5 Rg7 36. Qd2 Qd5 37. h6 Rxg2 38. Rd1 Qe5 39. h7 Rh2
40. Qxd4 Qxd4 41. Rxd4 Rxh7 42. Rxe4 Rf7 43. Re2 Kb6 44. b4 a5 45. Re6+ Ka7 46.
bxa5 Rxf2 47. Rb6 b4 48. Rxb4 Rf5 1/2-1/2

[Event "31st 4NCL Congress"]
[Site "Harrogate, North Yorkshire, ENG Yorkshire HG1 2SR."]
[Date "2024.01.20"]
[Round "3.27"]
[White "Butterworth, Brian"]
[Black "Collins, Steve"]
[Result "1/2-1/2"]
[WhiteElo "1543"]
[BlackElo "1369"]
[PlyCount "64"]
[EventDate "2024.01.19"]

1. d4 d5 2. Bf4 Nf6 3. e3 c5 4. c3 Qb6 5. b3 Nc6 6. Nf3 cxd4 7. exd4 Bf5 8. Bd3
Bxd3 9. Qxd3 e6 10. O-O Nh5 11. Qd2 Nxf4 12. Qxf4 Be7 13. Nbd2 O-O 14. Qe3 Rac8
15. Rfc1 Rfe8 16. b4 e5 17. a3 exd4 18. cxd4 Bf6 19. Qb3 Nxd4 20. Rxc8 Nxf3+
21. Nxf3 Rxc8 22. Rd1 d4 23. Qa4 h6 24. Nd2 Qa6 25. Qxa6 bxa6 26. Ne4 Be5 27.
g3 f5 28. Nc5 a5 29. Nd7 Re8 30. Nxe5 Rxe5 31. Rxd4 axb4 32. axb4 Rb5 1/2-1/2

[Event "31st 4NCL Congress"]
[Site "Harrogate, North Yorkshire, ENG Yorkshire HG1 2SR."]
[Date "2024.01.20"]
[Round "3.28"]
[White "Gibson, Stephen"]
[Black "Maheshwari, Shlok"]
[Result "0-1"]
[WhiteElo "1532"]
[BlackElo "1293"]
[PlyCount "28"]
[EventDate "2024.01.19"]

1. e4 e5 2. f4 d6 3. Nf3 Nc6 4. Bc4 Be7 5. d3 Nf6 6. a3 Bg4 7. c3 d5 8. exd5
Nxd5 9. Bxd5 Qxd5 10. O-O O-O 11. h3 Bf5 12. Ne1 Bc5+ 13. Kh2 Rae8 14. Rf3 e4
0-1

[Event "31st 4NCL Congress"]
[Site "Harrogate, North Yorkshire, ENG Yorkshire HG1 2SR."]
[Date "2024.01.20"]
[Round "3.29"]
[White "Dee, Neil"]
[Black "Halpin, David"]
[Result "1-0"]
[WhiteElo "1500"]
[BlackElo "1179"]
[PlyCount "92"]
[EventDate "2024.01.19"]

1. e4 c6 2. Nc3 d5 3. Nf3 d4 4. Nb1 Bg4 5. d3 e5 6. Be2 Bxf3 7. Bxf3 Nf6 8. O-O
a5 9. c3 c5 10. cxd4 cxd4 11. Nd2 b5 12. a4 b4 13. Nc4 Bd6 14. Bg5 h6 15. Bh4
g5 16. Bg3 Qc7 17. Bh5 Nbd7 18. Rc1 Qb8 19. h3 Ke7 20. Bg4 Nxg4 21. Qxg4 f6 22.
Qd1 Qf8 23. b3 f5 24. exf5 Qxf5 25. Re1 Ke6 26. Qe2 h5 27. Rb1 h4 28. Bh2 Rhg8
29. Qg4 Qxg4 30. hxg4 Rgc8 31. f3 Rc5 32. Kf1 Ra6 33. Bg1 Rd5 34. Ke2 Rc6 35.
Kd2 Rcc5 36. Bf2 Rc7 37. Rh1 Be7 38. g3 hxg3 39. Bxg3 Bf6 40. Rh6 Rc8 41. Rbh1
Kf7 42. R1h5 Bg7 43. Ra6 Nf6 44. Rh1 Rdc5 45. Re1 Nd7 46. Ra7 Kg8 1-0

[Event "31st 4NCL Congress"]
[Site "Harrogate, North Yorkshire, ENG Yorkshire HG1 2SR."]
[Date "2024.01.20"]
[Round "3.30"]
[White "Carey, Con"]
[Black "Simmons, Michael W"]
[Result "1-0"]
[WhiteElo "1490"]
[BlackElo "1167"]
[PlyCount "73"]
[EventDate "2024.01.19"]

1. d4 Nf6 2. Bf4 d6 3. e3 g6 4. Be2 Bg7 5. Nd2 O-O 6. h4 h5 7. f3 Nbd7 8. Bg5
c5 9. c3 cxd4 10. exd4 a6 11. f4 Qc7 12. Qc2 b5 13. Bf3 Bb7 14. a3 Bxf3 15.
Ngxf3 Rfe8 16. O-O-O Ng4 17. f5 Nf2 18. fxg6 fxg6 19. Qxg6 Nf8 20. Qc2 Nxd1 21.
Qxd1 d5 22. Re1 e6 23. Nb3 Qf7 24. Nc5 Nh7 25. Qd2 Nf6 26. Ne5 Ne4 27. Nxe4
Bxe5 28. dxe5 dxe4 29. Bf6 Qg6 30. Re3 Qf5 31. Qe2 Qg4 32. Rg3 Qxg3 33. Qxh5
Qe3+ 34. Kc2 Qf2+ 35. Kb3 Qxf6 36. exf6 Rf8 37. Qg6+ 1-0

[Event "31st 4NCL Congress"]
[Site "Harrogate, North Yorkshire, ENG Yorkshire HG1 2SR."]
[Date "2024.01.20"]
[Round "3.31"]
[White "Mackenzie, Nathaniel"]
[Black "Brown, Chris"]
[Result "1-0"]
[WhiteElo "1290"]
[BlackElo "1471"]
[PlyCount "115"]
[EventDate "2024.01.19"]

1. d4 d5 2. Bf4 Nf6 3. e3 c5 4. c3 Nc6 5. Bb5 e6 6. Nf3 Qb6 7. Bxc6+ bxc6 8. b3
Ba6 9. Nbd2 Be7 10. c4 O-O 11. O-O cxd4 12. exd4 Rfd8 13. Re1 Rac8 14. c5 Qb7
15. a3 h6 16. b4 Bd3 17. Ne5 Bh7 18. Qa4 Nd7 19. Nxd7 Qxd7 20. Re3 Bf6 21. Nb3
g5 22. Be5 Bxe5 23. Rxe5 f6 24. Re3 Re8 25. Rae1 e5 26. dxe5 fxe5 27. Rxe5 Rxe5
28. Rxe5 Be4 29. Nd2 Qg7 30. Re6 Qa1+ 31. Nf1 Bd3 32. h3 Qxf1+ 33. Kh2 Qxf2 34.
Qb3 Qf4+ 35. Kg1 Qd4+ 36. Kh2 Rf8 37. Re1 Rf1 38. Rxf1 Bxf1 39. Qc2 Bd3 40. Qd2
Qf4+ 41. Qxf4 gxf4 42. Kg1 Kf7 43. Kf2 Kf6 44. a4 Bc2 45. b5 Bxa4 46. b6 axb6
47. cxb6 d4 48. b7 d3 49. b8=Q Ke6 50. Qxf4 Bb5 51. Qxh6+ Kd5 52. Ke1 Kc4 53.
Kd2 Kb3 54. g4 c5 55. Qg5 Kb4 56. h4 c4 57. Qf5 Kb3 58. Qe5 1-0

[Event "31st 4NCL Congress"]
[Site "Harrogate, North Yorkshire, ENG Yorkshire HG1 2SR."]
[Date "2024.01.20"]
[Round "3.32"]
[White "Sayer, Ray M"]
[Black "Morgan, Peter"]
[Result "1/2-1/2"]
[WhiteElo "1686"]
[BlackElo "1398"]
[PlyCount "25"]
[EventDate "2024.01.19"]

1. e4 d6 2. d4 g6 3. c3 Bg7 4. Bg5 Nf6 5. Qc2 O-O 6. Bf4 Nbd7 7. Nd2 a6 8.
O-O-O b5 9. Bd3 Bb7 10. a3 Rc8 11. f3 c5 12. d5 c4 13. Bf1 1/2-1/2

[Event "31st 4NCL Congress"]
[Site "Harrogate, North Yorkshire, ENG Yorkshire HG1 2SR."]
[Date "2024.01.20"]
[Round "3.33"]
[White "Hutchinson, Stephen A"]
[Black "Berry, Mike"]
[Result "0-1"]
[WhiteElo "1151"]
[BlackElo "1545"]
[PlyCount "86"]
[EventDate "2024.01.19"]

1. d4 d5 2. Nf3 e6 3. Bf4 c5 4. e3 c4 5. Nbd2 Nf6 6. h3 Bd6 7. Be2 Bxf4 8. exf4
Nc6 9. O-O Qc7 10. Ne5 Nxd4 11. Ndf3 Nxf3+ 12. Bxf3 O-O 13. Qd2 Nd7 14. Rfe1
Nxe5 15. fxe5 f6 16. exf6 Rxf6 17. Bg4 Bd7 18. Qg5 Raf8 19. f3 Bc8 20. Re3 Qb6
21. Kh1 Qd6 22. Rae1 Re8 23. f4 h6 24. Qh4 Qxf4 25. Rf3 Qg5 26. Qxg5 hxg5 27.
Rxf6 gxf6 28. Bh5 Re7 29. Rf1 Kg7 30. g3 e5 31. h4 g4 32. b3 c3 33. a4 e4 34.
Rf4 e3 35. Bxg4 Bxg4 36. Rxg4+ Kf7 37. Kg2 e2 38. Rd4 e1=Q 39. Rxd5 Qe4+ 40.
Kh3 Qxd5 41. Kh2 Re2+ 42. Kh3 Qf5+ 43. g4 Qf3# 0-1

[Event "31st 4NCL Congress"]
[Site "Harrogate, North Yorkshire ENG"]
[Date "2024.01.21"]
[Round "4.1"]
[White "Quaite, Toby"]
[Black "Boustred, Noel J"]
[Result "1-0"]
[WhiteElo "1686"]
[BlackElo "1675"]
[PlyCount "65"]
[EventDate "2024.01.19"]

1. d4 e6 2. c4 f5 3. g3 Nf6 4. Bg2 Ne4 5. a3 Nc6 6. f3 Nd6 7. c5 Nb5 8. a4
Nbxd4 9. e3 Bxc5 10. exd4 Nxd4 11. Ne2 Qf6 12. f4 a5 13. Nbc3 Ra6 14. Nxd4 Bxd4
15. Nb5 Bxb2 16. Bxb2 Qxb2 17. O-O Ke7 18. Rb1 Qf6 19. Nxc7 Rd6 20. Qc2 Qd4+
21. Kh1 Qd2 22. Qc5 Kf7 23. Nb5 Rd3 24. Rf2 Qe3 25. Nd6+ Kf6 26. Qxe3 Rxe3 27.
Rc2 b5 28. Rxc8 Rxc8 29. Nxc8 b4 30. Kg1 b3 31. Nb6 d5 32. Bxd5 exd5 33. Nxd5+
1-0

[Event "31st 4NCL Congress"]
[Site "Harrogate, North Yorkshire ENG"]
[Date "2024.01.21"]
[Round "4.2"]
[White "De Block, Gert"]
[Black "Singhal, Saket"]
[Result "1-0"]
[WhiteElo "1590"]
[BlackElo "1627"]
[PlyCount "133"]
[EventDate "2024.01.19"]

1. e4 c6 2. d4 d5 3. Nc3 dxe4 4. Nxe4 Bf5 5. Ng3 Bg6 6. Nf3 Nd7 7. Bd3 Bxd3 8.
Qxd3 e6 9. O-O Be7 10. Re1 h6 11. c4 Ngf6 12. Bf4 Rc8 13. Rad1 a6 14. a4 Bb4
15. Re2 O-O 16. Qb3 a5 17. Ne5 Qb6 18. Be3 Qc7 19. Nd3 Bd6 20. Rde1 Ng4 21. Bd2
Bxg3 22. hxg3 Rce8 23. Bf4 Qb6 24. Qxb6 Nxb6 25. Bd6 Nxc4 26. Bxf8 Kxf8 27. Nc5
Nf6 28. Rc2 Nd6 29. f3 b6 30. Ne4 Ndxe4 31. fxe4 Rd8 32. Rxc6 Rxd4 33. Rxb6
Nxe4 34. Rb5 Nxg3 35. Rxa5 Rb4 36. Rb1 Ne2+ 37. Kf2 Nd4 38. Ra8+ Ke7 39. a5 Nc6
40. a6 Ra4 41. b3 Ra2+ 42. Kf1 Nb4 43. a7 Nd5 44. Rc1 Ne3+ 45. Kg1 Kf6 46. Rc3
Ra1+ 47. Kh2 Nf1+ 48. Kh3 Kg5 49. Rg8 Rxa7 50. Rxg7+ Kf6 51. Rg4 Ke5 52. Rc5+
Kd6 53. Rc3 Ra5 54. Rh4 Ra1 55. Rxh6 Ne3 56. Rxe6+ fxe6 57. Rxe3 e5 58. Kg4 Kd5
59. Kf5 Rf1+ 60. Rf3 Rg1 61. Rd3+ Kc5 62. g4 e4 63. Re3 Kb4 64. g5 Rf1+ 65.
Kxe4 Rf8 66. g6 Rf6 67. Rg3 1-0

[Event "31st 4NCL Congress"]
[Site "Harrogate, North Yorkshire ENG"]
[Date "2024.01.21"]
[Round "4.3"]
[White "Hambly, Neil"]
[Black "Weller, Colin"]
[Result "1/2-1/2"]
[WhiteElo "1585"]
[BlackElo "1599"]
[PlyCount "82"]
[EventDate "2024.01.19"]

1. Nc3 Nf6 2. e4 d6 3. Nf3 e5 4. Bc4 Be7 5. d3 h6 6. h3 Nbd7 7. Be3 c6 8. a4 a5
9. Ne2 d5 10. exd5 Nxd5 11. O-O O-O 12. Qd2 N5f6 13. Ng3 Kh7 14. Nf5 Ng8 15.
Rfe1 Bf6 16. Nd6 Qe7 17. Nxf7 Rxf7 18. Bxf7 Qxf7 19. c3 b6 20. d4 exd4 21. Nxd4
c5 22. Nf3 Bb7 23. Qd3+ g6 24. Nh2 Ne5 25. Qb5 Qd5 26. f3 Qc6 27. Qxc6 Bxc6 28.
Ng4 Nxg4 29. hxg4 g5 30. Rad1 Rd8 31. Rxd8 Bxd8 32. Rd1 Bc7 33. b3 Kg6 34. Re1
Kf6 35. c4 Ne7 36. Bd2 Be5 37. Kf2 Ng6 38. g3 Bd4+ 39. Be3 Bxe3+ 40. Rxe3 Ne5
41. Ke2 Bb7 1/2-1/2

[Event "31st 4NCL Congress"]
[Site "Harrogate, North Yorkshire ENG"]
[Date "2024.01.21"]
[Round "4.4"]
[White "Jackson, Paul Robert"]
[Black "Monk, Carl"]
[Result "1/2-1/2"]
[WhiteElo "1567"]
[BlackElo "1593"]
[PlyCount "55"]
[EventDate "2024.01.19"]

1. d4 Nf6 2. Nf3 g6 3. c4 d5 4. c5 Bg7 5. Bf4 Nbd7 6. e3 Ne4 7. Nbd2 Nxd2 8.
Qxd2 O-O 9. Bd3 Re8 10. Qa5 e5 11. Nxe5 Nxe5 12. Bxe5 Bxe5 13. dxe5 Rxe5 14.
O-O-O Bf5 15. Bxf5 Rxf5 16. Rhf1 Qe7 17. Qc3 Re8 18. Qc2 Qe5 19. g3 Qe6 20. h4
Re5 21. Qb3 b6 22. cxb6 axb6 23. Qc2 c5 24. Rd2 d4 25. exd4 cxd4 26. Qb3 Re1+
27. Rxe1 Qxe1+ 28. Qd1 1/2-1/2

[Event "31st 4NCL Congress"]
[Site "Harrogate, North Yorkshire ENG"]
[Date "2024.01.21"]
[Round "4.5"]
[White "Pearce, Neville R"]
[Black "Mitchell, Ian"]
[Result "0-1"]
[WhiteElo "1681"]
[BlackElo "1614"]
[PlyCount "64"]
[EventDate "2024.01.19"]

1. e4 c6 2. d4 d5 3. Nc3 dxe4 4. Nxe4 Bf5 5. Ng3 Bg6 6. h4 h6 7. h5 Bh7 8. Nf3
Nd7 9. Bd3 Bxd3 10. Qxd3 e6 11. Bd2 Bd6 12. Ne4 Be7 13. O-O-O Ngf6 14. c4 Nxe4
15. Qxe4 Nf6 16. Qe2 a5 17. Bc3 Bb4 18. Rd3 Bxc3 19. Rxc3 O-O 20. Rd3 Qc7 21.
Kb1 b5 22. Qe5 Rfc8 23. Qxc7 Rxc7 24. cxb5 cxb5 25. Nd2 Rd7 26. Rh4 Rad8 27.
Ne4 Nxe4 28. Rxe4 Rd5 29. g4 e5 30. Kc2 exd4 31. Kd2 f5 32. gxf5 Rxf5 0-1

[Event "31st 4NCL Congress"]
[Site "Harrogate, North Yorkshire ENG"]
[Date "2024.01.21"]
[Round "4.6"]
[White "Cuaresma, Bien"]
[Black "Maher, Mike P"]
[Result "0-1"]
[WhiteElo "1679"]
[BlackElo "1606"]
[PlyCount "142"]
[EventDate "2024.01.19"]

1. e4 c6 2. Nc3 d5 3. d4 dxe4 4. Nxe4 Nf6 5. Nxf6+ exf6 6. Be2 Bd6 7. Nf3 O-O
8. O-O Bg4 9. h3 Bh5 10. c3 Nd7 11. Be3 Re8 12. Bd3 Bg6 13. Nh4 Bxd3 14. Qxd3
g6 15. Bh6 Nc5 16. Qc2 Ne4 17. Rfe1 f5 18. Nf3 Bf8 19. Bf4 Bd6 20. Bxd6 Qxd6
21. Re2 Re6 22. Rd1 Rae8 23. Rde1 Nf6 24. Rxe6 Rxe6 25. Re5 Nd7 26. Rxe6 Qxe6
27. b3 Nf6 28. c4 Qe4 29. Qd1 Kg7 30. g3 h6 31. Ne1 f4 32. g4 g5 33. Nf3 Ne8
34. d5 cxd5 35. cxd5 Nd6 36. Qd4+ Qxd4 37. Nxd4 Kf6 38. f3 Ke5 39. Nc2 Kxd5 40.
Kf1 f5 41. Ke2 fxg4 42. hxg4 a5 43. Kd3 Nf7 44. Nd4 Ne5+ 45. Kc3 b5 46. Nf5 b4+
47. Kc2 Nxf3 48. Nxh6 Ne5 49. Kd2 Ke4 50. Ke2 f3+ 51. Kd2 Kf4 52. Ke1 Nxg4 53.
Nf7 Ne5 54. Nd8 g4 55. Ne6+ Ke3 56. Ng7 g3 57. Nf5+ Kf4 58. Nd4 Nd3+ 59. Kf1
Nc1 60. Nc2 Nxa2 61. Nd4 Ke4 62. Nc6 Nc1 63. Nxa5 Kd3 64. Nc6 Nxb3 65. Nxb4+
Ke3 66. Nd5+ Ke4 67. Nf6+ Kf5 68. Nh5 Nd2+ 69. Ke1 Ne4 70. Kf1 Kg4 71. Ng7 Kh3
0-1